000 01299nam a22003617a 4500
003 CHAP
005 20220329143849.0
008 120308s1987 mx r 00010 spa d
010 _a102930
011 _a103902
035 _a114591
040 _cCHAP
082 0 4 _a630.717
_bH43
100 1 _aHernández Sánchez, María de los Angeles.
_954633
245 1 0 _aAsesoría en apoyo al programa de directores de producción del Banco Rural en la región Noroeste :
_bexperiencias y resultados
_c/por María de los Angeles Hernández Sánchez y Naara Alcauter Montero
260 _aMéxico :
_bProder,
_c1987
300 _a52 h. :
_bcuadros, anexos
490 _aDocumento
_v; 8
590 _aBATCH-UPD
_b10
_c20130110
_lUCH01
_h1616
590 _aBATCH-UPD
_b10
_c20130410
_lUCH01
_h0701
590 _aBATCH-UPD
_b10
_c20130914
_lUCH01
_h0051
590 _aCONVERSION
_b10
_c20130109
_lUCH01
_h1357
650 1 4 _aAsesoría.
_97894
650 1 4 _aAyuda técnica.
_99035
650 1 4 _aBancos agrícolas.
_99898
650 1 4 _aExtensión agrícola.
_939144
650 1 4 _aProgramas de capacitación.
_992376
700 1 _aAlcauter Montero, Naara
_93591
830 0 _aDocumento
_v; 8
_933191
901 _aBK
942 _cLIBRO
949 _a630.717 H43
_bBC
_cLIBRO
_d33724002100371
_eLIBRO
_h116372
_i114591
_sb
999 _c102930
_d102930